Statistics for The Wire: Wire-to-wire characters

Click here to take the quiz!

General Stats

  • This quiz has been taken 658 times
  • The average score is 8 of 15

Answer Stats

HintAnswer% Correct
PoliceJimmy McNulty
98%
PoliceWilliam 'The Bunk' Moreland
86%
PoliceCedric Daniels
74%
PoliceKima Greggs
74%
CitizenReginald 'Bubbles' Cousins
69%
PoliceEllis Carver
63%
PoliceThomas 'Herc' Hauk
63%
PoliceWilliam Rawls
59%
LawRhonda Pearlman
46%
PoliceJay Landsman
43%
GangstaRoland 'Wee Bey' Brice
29%
LawMaurice Levy
28%
LawDaniel Phelan
13%
PoliceMichael Santangelo
8%
CitizenShardene Innes
5%

Score Distribution

Percentile by Number Answered

Percent of People with Each Score

Your Score History

You have not taken this quiz